00393nam a22001577a 4500003000500000020001800005038001200023082001600035100002100051245004700072250001100119260005200130300002300182500001500205563001500220NUST a9788177584837 akhadija a004.21bHEU aVenkatesh, G. T. acomputer systems design and architecture / a2nd ed aNew Delhi : Size: bDorling kindersleyc2013. a1004 p : ,b25 cm. aPaperback. apaper back